Estadística para administración y economía
সংরক্ষণ করুন:
| প্রধান লেখক: | , |
|---|---|
| বিন্যাস: | গ্রন্থ |
| ভাষা: | স্প্যানিশ |
| প্রকাশিত: |
Ciudad de México
Pearson Educación
2010
|
| সংস্করন: | 7a. ed |
| মালা: | Always Learning
|
| বিষয়গুলি: | |
| ট্যাগগুলো: |
ট্যাগ যুক্ত করুন
কোনো ট্যাগ নেই, প্রথমজন হিসাবে ট্যাগ করুন!
|
MARC
| LEADER | 00000cam a2200000 a 4500 | ||
|---|---|---|---|
| 001 | UCE1963 | ||
| 003 | CL-VaPUC | ||
| 005 | 20231221140255.0 | ||
| 008 | 140529e20100000mx |||||||||||||||||spa|d | ||
| 999 | |c 355646 |d 355644 | ||
| 020 | |a 9786073207232 | ||
| 040 | |c Pontificia Universidad Católica de Valparaíso | ||
| 082 | 0 | 4 | |a 330.015195 |b LEV |2 21 |
| 100 | |a Levin, Richard I |e author |9 574411 | ||
| 245 | 1 | 0 | |a Estadística para administración y economía |
| 250 | |a 7a. ed | ||
| 260 | |a Ciudad de México |b Pearson Educación |c 2010 | ||
| 300 | |a 799 p | ||
| 490 | 0 | |a Always Learning | |
| 500 | |a Incluye CD | ||
| 583 | |a last modification |c 20140529 12:24:00 |k Rodrigo Vera | ||
| 650 | 0 | |a Estadística económica |9 506187 | |
| 650 | 0 | |a Estadística |9 885963 |x Probabilidades | |
| 650 | 0 | |a Distribución (Teoría de probabilidades) |9 885830 | |
| 650 | 0 | |a Muestreo (Estadística) |9 270232 | |
| 700 | 0 | |a Rubin, David S |e author |9 574412 | |
| 942 | |c BK |2 ddc | ||
| 945 | |d 20140529 12:24:00 |a dcastane | ||
| 952 | |0 0 |1 0 |3 erb |4 0 |6 330_015195000000000_LEV_2010 |7 0 |8 R |9 462425 |a BIBGIM |b BIBGIM |i 5072964 |o 330.015195 LEV 2010 |p 5072964 |r 2025-01-15 |w 2019-11-23 |y BK_R |z Catalogado en:20140529 |k EST | ||
| 952 | |0 0 |1 0 |3 erb |4 0 |6 330_015195000000000_LEV_2010 |7 0 |8 R |9 462426 |a BIBGIM |b BIBGIM |i 5072972 |o 330.015195 LEV 2010 |p 5072972 |r 2025-01-15 |w 2019-11-23 |y BK_R |z Catalogado en:20140529 |k EST | ||